000 01480cas a2200301 a 4500
003 DLC
005 20250606091842.0
006 s|||||o|||| 00| 0
008 140507c2003 ck r1p o 0 0spa d
022 _a1909-9711
035 _aUPN01000197039
040 _aMX-MxUPN
_bspa
_cMX-MxUPN
_eaacr2
049 _aREV-E
245 0 0 _aActa colombiana de psicología
_h[recurso electrónico en línea]
260 _aColombia :
_bUniversidad Católica de Colombia,
_c2003-
310 _aSemestral
506 0 _aAcceso abierto
510 0 _aLatindex
510 0 _aRedalyc
510 0 _aDialnet
520 3 _a"Es una publicación científica dedicada a publicar hallazgos originales de las investigaciones en Psicología y de esta disciplina en diálogo con otras, con el propósito de divulgarlas a la comunidad universitaria y a todas las personas interesadas en conocer sus nuevos avances y aplicaciones a distintos campos y necesidades de la sociedad contemporánea. Sus artículos presentan los resultados de investigaciones rigurosas y debidamente documentadas, revisados previamente por pares idóneos y seleccionados por el Comité Editorial".
_bActa colombiana de psicología
530 _aDisponibles algunos fascículos impresos
650 4 _aPsicología
_938
856 4 0 _uhttp://editorial.ucatolica.edu.co/ojsucatolica/revistas_ucatolica/index.php/acta-colombiana-psicologia/
902 _aGloria Jiménez/060625
905 _aRevista
942 _cREV-E
999 _c169140
_d169140